000 00596nam a2200193Ia 4500
005 20250508163819.0
008 008 250505s9999 xx 000 0 eng d
020 _a0-7619-9250-2
037 _aTextual
040 _aFEDL
_beng
_cFEDL
041 _aeng
_2eng
084 _a306.0954, KHA
_qFEDL
100 _aKhare R.S.
_9776430
245 0 _aCultural diversity and social discontent : Anthropological studies on contemporary India
260 _aNew Delhi, India
_bSage Publications
_c1998
300 _a282p.
942 _cTEXL
_h306.0954, KHA
999 _c1385413
_d1385413